Diseño de la estructura de pavimento flexible de 19 km, de carretera en el tramo la Pedrera-Wanawás en el municipio de Río Blanco, departamento de Matagalpa
Presenta un estudio que propone el diseño de una estructura de pavimento flexible en el circuito de camino La Pedrera-Wanawás, con sus respectivos estudios de suelos y de tránsito y el cálculo de los espesores adecuados de dicha estructura.
| Main Authors: | , |
|---|---|
| Other Authors: | |
| Format: | Tesis Section = Libro |
| Language: | Undetermined Spanish |
| Published: |
Managua
UNI
2010
|
| Subjects: |
| LEADER | 01096nam a2200253Ia 4500 | ||
|---|---|---|---|
| 008 | 240830s9999 xx 000 0 und d | ||
| 040 | |a BIBLIOTECA-RUPAP T.Mon 625.85 M722 | ||
| 041 | |a spa | ||
| 082 | |a T.Mon 625.85 M722 | ||
| 100 | 1 | |a Molina, Esteban Alberto, | |
| 100 | 1 | |b García, Aura Tamara | |
| 245 | 1 | 0 | |a Diseño de la estructura de pavimento flexible de 19 km, de carretera en el tramo la Pedrera-Wanawás en el municipio de Río Blanco, departamento de Matagalpa |
| 260 | |a Managua |b UNI |c 2010 | ||
| 300 | |a 52 p. :il. | ||
| 500 | |a Contiene: anexos. | ||
| 502 | |a Tesis (Ingeniero Civil)- UNI, 2010. | ||
| 520 | 3 | |a Presenta un estudio que propone el diseño de una estructura de pavimento flexible en el circuito de camino La Pedrera-Wanawás, con sus respectivos estudios de suelos y de tránsito y el cálculo de los espesores adecuados de dicha estructura. | |
| 650 | 7 | |a PAVIMENTOS | |
| 650 | 7 | |b PAVIMENTOS FLEXIBLES | |
| 650 | 7 | |c PAVIMENTOS-DISEÑO Y CONSTRUCCION | |
| 700 | 1 | |a Tutor: |b López Peña, Orlando Anastasio | |
| 942 | |c BK |2 ddc | ||
| 991 | |a TESIS | ||
| 999 | |c 18373 | ||